Topology (Record no. 23465)
[ view plain ]
| 000 -LEADER | |
|---|---|
| fixed length control field | 00249nam a22000977a 4500 |
| 008 - FIXED-LENGTH DATA ELEMENTS--GENERAL INFORMATION | |
| fixed length control field | 131031b xxu||||| |||| 00| 0 eng d |
| 020 ## - INTERNATIONAL STANDARD BOOK NUMBER | |
| Terms of availability | Available |
| 082 ## - DEWEY DECIMAL CLASSIFICATION NUMBER | |
| Edition number | 2nd Ed |
| 245 ## - TITLE STATEMENT | |
| Title | Topology |
| Statement of responsibility, etc. | Munkres, James R. |
| 260 ## - PUBLICATION, DISTRIBUTION, ETC. | |
| Place of publication, distribution, etc. | Islamabad |
| Name of publisher, distributor, etc. | National Book Foundation |
| Withdrawn status | Lost status | Source of classification or shelving scheme | Damaged status | Not for loan | Permanent Location | Current Location | Date acquired | Total Checkouts | Total Renewals | Full call number | Barcode | Date last seen | Date last checked out | Price effective from | Koha item type |
|---|---|---|---|---|---|---|---|---|---|---|---|---|---|---|---|
| Central Library (CL) | Central Library (CL) | 10/31/2013 | 3 | 5 | 514MUN | RCMS000876 | 01/04/2026 | 09/27/2023 | 10/31/2013 | Book | |||||
| School of Interdisciplinary Engineering and Sciences (SINES) | School of Interdisciplinary Engineering and Sciences (SINES) | 10/31/2013 | 514MUN | RCMS000877 | 10/31/2013 | 10/31/2013 | Book |
